ბათუმის შოთა რუსთაველის სახელმწიფო უნივერსიტეტის ბიბლიოთეკა

Stock market capitalism welfare capitalism : (ბიბ.ჩანაწერი № 63978)

000 -ლიდერი
ფიქსირებული სიგრძის საკონტროლო ველი 00903nam a22002177a 4500
003 - საკონტროლო ნომრის იდენტიფიკატორი
საკონტროლო ველი Ge_BSU
005 - ბოლო ოპერაციის თარიღი და დრო
საკონტროლო ველი 20260302155321.0
008 - ფიქსირებული სიგრძის მონაცემთა ელემენტები - ზოგადი ინფორმაცია
ფიქსირებული სიგრძის საკონტროლო ველი 260302s2000 enk||||| |||| 00| 0 eng d
020 ## - წიგნის საერთაშორისო სტანდარტული ნომერი
International Standard Book Number 9780199240616x
041 ## - ენის კოდი
Language code of text/sound track or separate title eng
080 ## - უნივერსალური ათობითი კლასიფიკაციის ინდექსი
Universal Decimal Classification number 338 D-72
100 ## - მთავარი ჩანაწერი - პიროვნების სახელი
Personal name Dore, Ronald
9 (RLIN) 26980
245 ## - ცნობა სათაურის შესახებ
Title Stock market capitalism welfare capitalism :
Remainder of title Japan a. Germany versus the Anglo-Saxons /
Statement of responsibility, etc Ronald Dore.
264 ## - წარმოების, გამოცემის, დისტრიბუციის და სხვა ცნობები
გამოცემის, წარმოების, დისტრიბუციის... ადგილი Oxford :
გამოცემის, წარმოების, დისტრიბუციის... სახელწოდება University press,
გამოცემის, წარმოების, დისტრიბუციის... თარიღი 2000.
300 ## - ფიზიკური აღწერა
Extent 264 p. ;
Other physical details 22 cm.
653 ## - INDEX TERM--UNCONTROLLED
Uncontrolled term კაპიტალიზმი გერმანიაში
653 ## - INDEX TERM--UNCONTROLLED
Uncontrolled term კაპიტალიზმი იაპონიაში
653 ## - INDEX TERM--UNCONTROLLED
Uncontrolled term კორპორაციული მმართველობა გერმანიაში
653 ## - INDEX TERM--UNCONTROLLED
Uncontrolled term კორპორაციული მმართველობა იაპონიაში
942 ## - ADDED ENTRY ELEMENTS (KOHA)
Source of classification or shelving scheme
Koha item type წიგნი
ეგზემპლარები
ჩამოწერის სტატუსი დაკარგული ეგზემპლარის სტატუსი კლასიფიკაციის წყარო ან თაროზე გაწყობის სქემა დაზიანების სტატუსი არ გაიცემა მუდმივი მდებარეობა (დაცვის ადგილი) ამჟამინდელი ადგილსამყოფელი თაროზე განთავსების ადგილი შეძენის თარიღი ღირებულება, შესყიდვის ნორმალური ფასი სრული შენახვის შიფრი შტრიხკოდი ბოლო ოპერაციის თარიღი ეგზემპლარის მიმდევრობითი ნომერი (კეტერი?) Uniform Resource Identifier ფასის ძალაში შესვლის თარიღი ეგზემპლარის სახეობა საჯარო შენიშვნა
          ბათუმის შოთა რუსთაველის სახელმწიფო უნივერსიტეტის მთავარი ბიბლიოთეკა ბათუმის შოთა რუსთაველის სახელმწიფო უნივერსიტეტის მთავარი ბიბლიოთეკა წიგნსაცავი 2026-03-02 15.00 338 D-72 73846 2026-03-02 73846 იაპონიის ელჩის საჩუქარი 2026-03-02 წიგნი 15 ლ.